000
00302nam a22001337a 4500
082
_a
823
_b
SRI/M
100
_a
SREE RAM PUBLICATION
245
_a
MORAL STORY
246
_a
MORAL STORY
_b
MORAL STORY
260
_a
INDIA
_b
SREE RAM PUBLICATION
520
_a
MORAL
650
_a
ENGLISH STORY
942
_c
BK
999
_c
8822
_d
8822